ბათუმის შოთა რუსთაველის სახელმწიფო უნივერსიტეტის ბიბლიოთეკა

ექიმის მოღვაწეობის სამართლებრივი საფუძვლები (ბიბ.ჩანაწერი № 51376)

000 -LEADER
fixed length control field 01106nam a2200265Ia 4500
001 - CONTROL NUMBER
control field 18359
003 - CONTROL NUMBER IDENTIFIER
control field GE_BSU
008 - FIXED-LENGTH DATA ELEMENTS--GENERAL INFORMATION
fixed length control field 181216s||||||||xx |||||||||||||| ||und||
040 ## - CATALOGING SOURCE
Transcribing agency GE_BSU
080 ## - UNIVERSAL DECIMAL CLASSIFICATION NUMBER
Universal Decimal Classification number 343.3(075.8):61
100 ## - MAIN ENTRY--PERSONAL NAME
Personal name გორდელაძე, თეიმურაზ
245 ## - TITLE STATEMENT
Title ექიმის მოღვაწეობის სამართლებრივი საფუძვლები
245 ## - TITLE STATEMENT
Remainder of title სამედიცინო სამართალი
245 ## - TITLE STATEMENT
Statement of responsibility, etc. რედ. მანანა გორდელაძე
250 ## - EDITION STATEMENT
Edition statement პეტრე შოთაძის სახ. თბილ. სამედ. აკად.
260 ## - PUBLICATION, DISTRIBUTION, ETC.
Place of publication, distribution, etc. თბილისი
260 ## - PUBLICATION, DISTRIBUTION, ETC.
Name of publisher, distributor, etc. ლეგა
260 ## - PUBLICATION, DISTRIBUTION, ETC.
Date of publication, distribution, etc. 2011
300 ## - PHYSICAL DESCRIPTION
Extent 126გვ. 19სმ.
300 ## - PHYSICAL DESCRIPTION
Accompanying material ბიბლიოგრ.: გვ. 126
653 ## - INDEX TERM--UNCONTROLLED
Uncontrolled term ექიმის მოღვაწეობის სამართლებრივი საფუძვლები
653 ## - INDEX TERM--UNCONTROLLED
Uncontrolled term სამედიცინო სამართალი
942 ## - ADDED ENTRY ELEMENTS (KOHA)
Koha item type წიგნი
ეგზემპლარები
Withdrawn status Lost status Damaged status Not for loan Date acquired Barcode Date last seen Price effective from Koha item type
        2018-12-17 46979 2018-12-17 2018-12-17 წიგნი
        2018-12-17 46980 2018-12-17 2018-12-17 წიგნი